Najczęściej zgadywane stolice Europy - Statystyki

Ogólne statystyki
  • Ten quiz został rozwiązany 15 348 razy
    15 182 od ostatniego zresetowania
  • Średni wynik to 8 z 10
Statystyki odpowiedzi
% Stolica % Poprawnych
95 Warszawa
98%
91 Berlin
95%
93 Paryż
94%
90 Madryt
91%
86 Londyn
87%
90 Moskwa
84%
85 Rzym
81%
89 Praga
76%
86 Kijów
68%
86 Ateny
51%
Nie znaleziono quizów pasujących do podanych kryteriów
Rozkład punktacji
Procent ludzi z każdym wynikiem
Percentyl według liczby udzielonych odpowiedzi
Twoja historia wyników
Nie rozwiązałeś tego quizu od ostatniego zresetowania